000 00387nam a22001217a 4500
999 _c1569
_d1569
005 20200901151427.0
008 200901b ||||| |||| 00| 0 eng d
020 _a0415012872
040 _cCML
245 _aSkills and Processes in Science Education: A Critical Analysis.
_cWellington, J.
260 _aLondon
_bRoutledge
_c1989
942 _2ddc
_cBK
_e1st Edition
_h507
_mSKI